Sentido común y educación en la familia

Saved in:
Bibliographic Details
Main Author: Ibáñez Langlois, Diego (Author)
Format: Book
Language:Spanish
Published: Santiago Universidad Católica de Chile 1994
Edition:3a. ed
Series:Colección Aprendizaje
Subjects:
Tags: Add Tag
No Tags, Be the first to tag this record!

MARC

LEADER 00000nam a2200000 a 4500
001 UCQ6680
003 CL-VaPUC
008 981023e19940000CL |||||||||||||||||spa|d
082 0 4 |a 306.874  |b IBA  |2 21 
100 |a Ibáñez Langlois, Diego  |e author  |9 420548 
245 1 0 |a Sentido común y educación en la familia 
250 |a 3a. ed 
300 |a 146 p 
942 |c BK 
945 |d 19981023 00:00:00  |a aarredon 
260 |a Santiago  |b Universidad Católica de Chile  |c 1994 
650 0 |a Padres e hijos  |9 307753 
650 0 |a Educación para la vida familiar  |9 307821 
650 0 |a Peternidad  |9 254922 
650 0 |a Psicología   |9 257863 
583 |a last modification  |c 19981023 00:00:00  |k Rodrigo Vera 
490 0 |a Colección Aprendizaje 
999 |c 276621  |d 276619 
952 |0 0  |1 0  |4 0  |6 306_874000000000000_IBA_1994  |7 0  |8 A  |9 313936  |a BIBGIM  |b BIBGIM  |d 2019-11-20  |i 3472027  |o 306.874 IBA 1994  |p 3472027  |r 2025-01-15  |w 2019-11-20  |y BK  |k SSL